[Event "SVK-chT2D 2425"]
[Site "Slovakia"]
[Date "2024.11.09"]
[Round "1.2"]
[White "Zambo, Zoltan Istvan"]
[Black "Kopczyk, Daniel"]
[Result "0-1"]
[WhiteElo "2280"]
[BlackElo "2254"]
[PlyCount "168"]
[EventDate "2024.11.09"]
[EventType "team-tourn"]
[EventRounds "11"]
[EventCountry "SVK"]
[SourceTitle "CB51_2024"]
[SourceDate "2024.12.18"]
[SourceVersion "1"]
[SourceVersionDate "2024.12.18"]
[SourceQuality "1"]
[WhiteTeam "Moldava nad Bodvou"]
[BlackTeam "Stropkov/Svidnik II"]
[WhiteTeamCountry "SVK"]
[BlackTeamCountry "SVK"]

1. Nf3 Nf6 2. c4 g6 3. Nc3 Bg7 4. d4 0-0 5. g3 d6 6. Bg2 Nc6 7. 0-0 a6 8. b3 e5 9. dxe5 dxe5 10. Ba3 Re8 11. Qxd8 Rxd8 12. Rad1 Re8 13. Nd5 e4 14. Nxc7 exf3 15. Bxf3 Bh3 16. Rfe1 Ng4 17. Nxe8 Rxe8 18. Bxc6 bxc6 19. Bc1 Bc3 20. Bd2 Bd4 21. e3 Bg7 22. f4 Nf6 23. Ba5 Ne4 24. Rd3 Bf6 25. Bb6 c5 26. Ba5 h5 27. Rc1 Bf5 28. Rd5 Be6 29. Rd3 Bf5 30. Rdd1 Bg4 31. Re1 h4 32. Kg2 h3+ 33. Kg1 Re6 34. Rc2 Kf8 35. Rec1 Ke8 36. Bc7 Kd7 37. Ba5 Rd6 38. Re1 Rd3 39. Kf1 Kc6 40. b4 Ra3 41. Rb1 cxb4 42. Bxb4 Rxe3 43. Rb3 Bd4 44. Rxe3 Bxe3 45. Rb2 Bd4 46. Rc2 Bd1 47. Rc1 Bf3 48. Rc2 Bg2+ 49. Rxg2 hxg2+ 50. Kxg2 Nd6 51. g4 Nxc4 52. h4 Kd5 53. Kf3 a5 54. Be1 a4 55. h5 gxh5 56. gxh5 f5 57. h6 Ke6 58. Ke2 Nb2 59. Bb4 Kf7 60. Kd2 Kg6 61. Bf8 Bf6 62. Kc2 Nc4 63. Kd3 Nb6 64. a3 Bb2 65. Bc5 Nd5 66. Bd6 Bc1 67. Kc4 Bxf4 68. Bb4 Nc7 69. Bf8 Bxh6 70. Bd6 Ne6 71. Kb5 Bf8 72. Bh2 Bxa3 73. Kxa4 Bc5 74. Kb3 Kg5 75. Kc4 Bf2 76. Bb8 Kg4 77. Kd3 Kf3 78. Bd6 Nc5+ 79. Kc2 Ke2 80. Bf4 Bd4 81. Bh2 Nd3 82. Bb8 Be5 83. Ba7 f4 84. Bg1 f3 0-1

[Event "HUN-chT1 Maroczy 2324"]
[Site "Hungary"]
[Date "2024.04.07"]
[Round "9.6"]
[White "Zambo, Zoltan Istvan"]
[Black "Szilagyi, Norbert"]
[Result "1/2-1/2"]
[WhiteElo "2294"]
[BlackElo "2114"]
[PlyCount "111"]
[EventDate "2023.10.08"]
[EventType "team-tourn"]
[EventRounds "11"]
[EventCountry "HUN"]
[SourceTitle "EXT 2025"]
[Source "ChessBase"]
[SourceDate "2024.10.14"]
[SourceVersion "1"]
[SourceVersionDate "2024.10.14"]
[SourceQuality "1"]
[WhiteTeam "DVTK EMSE"]
[BlackTeam "Debrecen Sakkiskola"]
[WhiteTeamCountry "HUN"]
[BlackTeamCountry "HUN"]

1. d4 Nf6 2. Nf3 e6 3. e3 b6 4. Bd3 Bb7 5. 0-0 Be7 6. Nbd2 d6 7. e4 Nbd7 8. c4 c5 9. d5 Nf8 10. Re1 Ng6 11. Nf1 0-0 12. Ng3 Bc8 13. Qc2 Nd7 14. Bd2 Nde5 15. Nxe5 dxe5 16. Rad1 Bg5 17. Bc3 Qd6 18. b3 Nf4 19. Bf1 Bf6 20. dxe6 Qxe6 21. Nf5 Qe8 22. Qb2 g6 23. Ne3 Bg7 24. Nd5 Nxd5 25. exd5 f6 26. f4 e4 27. Bd3 Bf5 28. Qb1 exd3 29. Rxe8 Rfxe8 30. h3 h5 31. b4 Rac8 32. Rd2 cxb4 33. Qxb4 Bf8 34. d6 Red8 35. Bxf6 Bxd6 36. Qc3 Bc5+ 37. Kh1 Rd7 38. g4 hxg4 39. hxg4 Be4+ 40. Kh2 Re8 41. Kg3 Rh7 42. Be5 Be7 43. Bf6 Bc5 44. Be5 Be7 45. Bf6 Bc5 46. Rh2 Rxh2 47. Kxh2 Be3 48. Be5 Rd8 49. c5 d2 50. Qc4+ Kf8 51. Qe6 Bg1+ 52. Kg3 Rd3+ 53. Kh4 d1Q 54. Bg7+ Kxg7 55. Qe7+ Kg8 56. Qe8+ 1/2-1/2

[Event "HUN-chT1 Maroczy 2324"]
[Site "Hungary"]
[Date "2023.12.10"]
[Round "5.5"]
[White "Papp, Bence"]
[Black "Zambo, Zoltan Istvan"]
[Result "0-1"]
[WhiteElo "2300"]
[BlackElo "2294"]
[PlyCount "68"]
[EventDate "2023.10.08"]
[EventType "team-tourn"]
[EventRounds "11"]
[EventCountry "HUN"]
[SourceTitle "EXT 2025"]
[Source "ChessBase"]
[SourceDate "2024.10.14"]
[SourceVersion "1"]
[SourceVersionDate "2024.10.14"]
[SourceQuality "1"]
[WhiteTeam "Maroczy"]
[BlackTeam "DVTK EMSE"]
[WhiteTeamCountry "HUN"]
[BlackTeamCountry "HUN"]

1. d4 d5 2. Nf3 Nf6 3. Bf4 e6 4. e3 Bd6 5. Ne5 0-0 6. Nd2 c5 7. c3 Qc7 8. Bd3 Nc6 9. Ndf3 Ne4 10. Nxc6 Bxf4 11. Nce5 Bxe5 12. Nxe5 f6 13. Nf3 b6 14. 0-0 a5 15. Bxe4 dxe4 16. Nd2 Ba6 17. Re1 Bd3 18. f3 f5 19. fxe4 fxe4 20. Qg4 Qc6 21. Nf1 Rf6 22. Ng3 Raf8 23. Nh5 Rg6 24. Qh3 Rh6 25. Qg4 Rg6 26. Qh3 Qb5 27. Nf4 Rh6 28. Qg4 Qxb2 29. Nxe6 Rg6 30. Qh3 Qf2+ 31. Kh1 Bf1 32. Nf4 Rxf4 33. Qc8+ Rf8 34. Qxf8+ Qxf8 0-1

[Event "HUN-chT1 Maroczy 2122"]
[Site "Hungary"]
[Date "2021.11.21"]
[Round "4.3"]
[White "Zambo, Zoltan Istvan"]
[Black "Szamoskozi, Gabor"]
[Result "1-0"]
[WhiteElo "2343"]
[BlackElo "2249"]
[PlyCount "127"]
[EventDate "2021.10.10"]
[EventType "team-tourn"]
[EventRounds "11"]
[EventCountry "HUN"]
[SourceTitle "EXT 2025"]
[Source "ChessBase"]
[SourceDate "2024.10.14"]
[SourceVersion "1"]
[SourceVersionDate "2024.10.14"]
[SourceQuality "1"]
[WhiteTeam "DVTK"]
[BlackTeam "Morihana II"]
[WhiteTeamCountry "HUN"]
[BlackTeamCountry "HUN"]

1. d4 Nf6 2. Nf3 g6 3. g3 Bg7 4. Bg2 0-0 5. 0-0 d6 6. c4 Nc6 7. Nc3 a6 8. a3 Rb8 9. b4 e5 10. Bg5 exd4 11. Nxd4 h6 12. Nxc6 bxc6 13. Be3 Nd7 14. Rc1 c5 15. bxc5 Nxc5 16. Bxc5 dxc5 17. Qxd8 Rxd8 18. Nd5 Rb2 19. Rfd1 Kh7 20. Bf3 Be6 21. Rd3 c6 22. Nf4 Rxd3 23. Nxd3 Ra2 24. Nxc5 Rxa3 25. Nxe6 fxe6 26. Bxc6 Ra1 27. Rxa1 Bxa1 28. Bd7 e5 29. Kg2 Bd4 30. Kf3 Kg7 31. e3 Bc3 32. Ke4 Kf6 33. Kd5 Ke7 34. Ba4 g5 35. c5 Bb4 36. h3 a5 37. Kc6 Ba3 38. Kb6 Kd8 39. c6 Bd6 40. Kxa5 Kc7 41. Kb5 Be7 42. Bd1 Bd6 43. Bf3 Be7 44. Be4 Bd6 45. Kc4 Kd8 46. Kd5 Ke7 47. Bf5 Bc7 48. Bd7 Bd6 49. Ke4 Kf6 50. f4 exf4 51. gxf4 Bc7 52. Bg4 Bb8 53. f5 Bc7 54. Bd1 Bb8 55. Bc2 Bc7 56. Kd5 h5 57. e4 g4 58. hxg4 hxg4 59. Bd1 g3 60. Bf3 Be5 61. Kc5 Bc7 62. Kb5 Ke5 63. Ka6 Kf4 64. Bh1 1-0

[Event "HUN-chT1 Maroczy 2122"]
[Site "Hungary"]
[Date "2021.10.31"]
[Round "2.3"]
[White "Zambo, Zoltan Istvan"]
[Black "Papp, Bence"]
[Result "0-1"]
[WhiteElo "2356"]
[BlackElo "2166"]
[PlyCount "76"]
[EventDate "2021.10.10"]
[EventType "team-tourn"]
[EventRounds "11"]
[EventCountry "HUN"]
[SourceTitle "EXT 2025"]
[Source "ChessBase"]
[SourceDate "2024.10.14"]
[SourceVersion "1"]
[SourceVersionDate "2024.10.14"]
[SourceQuality "1"]
[WhiteTeam "DVTK"]
[BlackTeam "Meritum Egyesulet"]
[WhiteTeamCountry "HUN"]
[BlackTeamCountry "HUN"]

1. c4 b6 2. b3 Bb7 3. Bb2 e6 4. e3 f5 5. Nc3 Nf6 6. f4 g6 7. Nf3 Bg7 8. g3 0-0 9. Bg2 d6 10. 0-0 Qe7 11. d4 Nbd7 12. Qe2 c5 13. Rad1 Rad8 14. Rfe1 Rfe8 15. Nb5 Nf8 16. dxc5 bxc5 17. Nc3 e5 18. Qc2 e4 19. Nd2 Ne6 20. Ndb1 Nc7 21. Bf1 h5 22. h4 Ng4 23. Nd5 Bxd5 24. cxd5 Rb8 25. Nc3 Kf8 26. Na4 Bxb2 27. Qxb2 Qg7 28. Qd2 Na8 29. Qa5 Nb6 30. Nc3 Nc8 31. Bb5 Re7 32. Qd8+ Kf7 33. Bd7 Qxc3 34. Be6+ Kg7 35. Bxc8 Rf7 36. Re2 Nxe3 37. Qxd6 Rxc8 38. Rdd2 Ng4 0-1

[Event "HUN-chT 1516 BAZ I Borbely"]
[Site "Hungary"]
[Date "2016.04.10"]
[Round "7"]
[White "Zambo, Zoltan Istvan"]
[Black "Balo, Tamas"]
[Result "1-0"]
[WhiteElo "2343"]
[BlackElo "2156"]
[PlyCount "57"]
[EventDate "2015.10.11"]
[EventType "team-tourn"]
[EventRounds "7"]
[EventCountry "HUN"]
[SourceTitle "EXT 2025"]
[Source "ChessBase"]
[SourceDate "2024.10.14"]
[SourceVersion "1"]
[SourceVersionDate "2024.10.14"]
[SourceQuality "1"]
[WhiteTeam "Putnoki VSE"]
[BlackTeam "DVTK EMSE II"]
[WhiteTeamCountry "HUN"]
[BlackTeamCountry "HUN"]

1. Nf3 e6 2. b3 b6 3. Bb2 Bb7 4. c4 Nf6 5. g3 Be7 6. Bg2 0-0 7. 0-0 d6 8. Qc2 c5 9. Bxf6 Bxf6 10. Ng5 g6 11. Bxb7 Bxa1 12. Nxh7 Kxh7 13. Bxa8 d5 14. cxd5 Na6 15. Qc4 Nc7 16. Bc6 exd5 17. Qa4 Qd6 18. Nc3 Bxc3 19. dxc3 a6 20. Rd1 Qe6 21. e4 b5 22. exd5 Qe2 23. Qh4+ Kg7 24. Rf1 Qxa2 25. Qf4 Qa5 26. b4 cxb4 27. cxb4 Qb6 28. Re1 a5 29. Re7 1-0